000 00747cam a22002413a 4500
001 10112
003 PGUSA
005 20140828083219.0
008 031101s2003||||xxu|||||s|||||000 | eng d
040 _aPGUSA
_beng
042 _adc
050 4 _aJK
100 1 _aFiske, John,
_d1842-1901
245 1 0 _aAmerican Political Ideas Viewed from the Standpoint of Universal History
_h[electronic resource] /
_cJohn Fiske
260 _bProject Gutenberg,
_c2003
506 _aPublic domain in the USA.
516 _aElectronic text
653 _aUnited States -- History -- Philosophy
653 _aUnited States -- Politics and government
830 0 _aProject Gutenberg
_v10112
856 4 0 _uhttp://www.gutenberg.org/ebooks/10112
942 _cEB
999 _c239367
_d239367